000 01014nam a22003257a 4500
003 CHAP
005 20220329140447.0
008 971013s1972 r 00010 d
010 _a52309
011 _a53281
035 _a57431
040 _cCHAP
082 _a371.3
_bP6Y
100 0 0 _aPopham, W. James.
_990888
245 _aPlaneamiento de la enseñanza
260 _aBuenos Aires :
_bPaidós,
_c(1972)
300 _a136 p.
490 _aBiblioteca del educador contemporáneo
_v; 31
590 _aBATCH-UPD
_b10
_c20130110
_lUCH01
_h0244
590 _aBATCH-UPD
_b10
_c20130110
_lUCH01
_h1801
590 _aBATCH-UPD
_b10
_c20130409
_lUCH01
_h2314
590 _aBATCH-UPD
_b10
_c20130914
_lUCH01
_h0524
590 _aCONVERSION
_b10
_c20130109
_lUCH01
_h1328
650 1 4 _aEnseñanza.
_937085
700 0 _aBaker, Eva L.
_99539
830 0 _aBiblioteca del educador contemporáneo
_v; 31
_912362
901 _aBK
942 _cLIBRO
949 _a371.3 P6Y
_bBC
_cLIBRO
_d33724000143285
_eLIBRO
_h30950
_i57431
_mD
_si
999 _c52309
_d52309